Contratos bancarios : (Registro nro. 5780)

Detalles MARC
000 -LEADER
fixed length control field 00916nam a2200253Ia 4500
003 - CONTROL NUMBER IDENTIFIER
control field OSt
005 - DATE AND TIME OF LATEST TRANSACTION
control field 20210302093012.0
008 - FIXED-LENGTH DATA ELEMENTS--GENERAL INFORMATION
fixed length control field 191128s1990 ck fr 001 0 spa d
020 ## - INTERNATIONAL STANDARD BOOK NUMBER
International Standard Book Number 9589065058
040 ## - CATALOGING SOURCE
Original cataloging agency CO-JMCR
Transcribing agency CO-JMCR
041 0# - LANGUAGE CODE
Language code of text/sound track or separate title spa
082 04 - DEWEY DECIMAL CLASSIFICATION NUMBER
Classification number 346.98082 /
Item number R627c
Edition number 23
100 1# - MAIN ENTRY--PERSONAL NAME
Personal name Rodríguez Azuero, Sergio,
Relator term autor
9 (RLIN) 9089
245 10 - TITLE STATEMENT
Title Contratos bancarios :
Remainder of title su significación en América Latina /
Statement of responsibility, etc. Sergio Rodríguez Azuero
250 ## - EDITION STATEMENT
Edition statement Cuarta edición
260 ## - PUBLICATION, DISTRIBUTION, ETC.
Place of publication, distribution, etc. Bogotá :
Name of publisher, distributor, etc. Legis ;
Date of publication, distribution, etc. 1990
300 ## - PHYSICAL DESCRIPTION
Extent 708 páginas ;
Dimensions 23 cm. +
Accompanying material 1 CD.
500 ## - GENERAL NOTE
General note Incluye índice alfabético.
504 ## - BIBLIOGRAPHY, ETC. NOTE
Bibliography, etc. note Bibliografía : páginas 693-698
505 0# - FORMATTED CONTENTS NOTE
Formatted contents note Nociones fundamentales -- Contratos que anteceden la realización de operaciones pasivas -- Contratos que anteceden la realización de operaciones activas
650 14 - SUBJECT ADDED ENTRY--TOPICAL TERM
Topical term or geographic name entry element Bancos
9 (RLIN) 9090
650 14 - SUBJECT ADDED ENTRY--TOPICAL TERM
Topical term or geographic name entry element Derecho bancario
9 (RLIN) 5831
942 ## - ADDED ENTRY ELEMENTS (KOHA)
Source of classification or shelving scheme Dewey Decimal Classification
Koha item type Books
Existencias
Withdrawn status Lost status Source of classification or shelving scheme Damaged status Not for loan Collection code Home library Current library Date acquired Source of acquisition Full call number Barcode Date last seen Copy number Koha item type Shelving location Total Checkouts Date last checked out Price effective from
    Dewey Decimal Classification     Non-fiction Biblioteca Pública José María del Castillo y Rada Biblioteca Pública José María del Castillo y Rada 04/15/2018 Donación 346.98082 R627c 430009112 05/16/2024 Ej.1 Books        
    Dewey Decimal Classification       Biblioteca Pública José María del Castillo y Rada Biblioteca Pública José María del Castillo y Rada 02/25/2021 Donación 346.98082 / R627c 201810619 12/03/2024 Ej.2 Books General Stacks 2 12/03/2024  
    Dewey Decimal Classification       Biblioteca Pública José María del Castillo y Rada Biblioteca Pública José María del Castillo y Rada 02/25/2021 Donación 346.98082 / R627c 201810697 03/02/2021 Ej.1 Computer Files Audio Visual